Κβαντική φυσική
Saved in:
| Main Author: | |
|---|---|
| Format: | Book |
| Language: | Greek |
| Published: |
Ιωάννινα :
Πανεπιστήμιο Ιωαννίνων,
2001.
|
| Subjects: | |
| Tags: |
Add Tag
No Tags, Be the first to tag this record!
|
MARC
| LEADER | 00000cam a2200000 i 4500 | ||
|---|---|---|---|
| 001 | 1/27214 | ||
| 008 | 020905s2001 gr | ||| |||| ||gre|| | ||
| 035 | |l 10068395 | ||
| 040 | |a GR-MyUA |b gre |e AACR2 | ||
| 041 | 0 | |a gre | |
| 082 | 0 | |a 530.12 | |
| 100 | 1 | |a Ευαγγέλου, Σπύρος Ν. | |
| 245 | 1 | 0 | |a Κβαντική φυσική / |c Σπύρου Ν. Ευαγγέλου. |
| 260 | |a Ιωάννινα : |b Πανεπιστήμιο Ιωαννίνων, |c 2001. | ||
| 300 | |a 390 σ. : |b σχέδια ; |c 25 εκ. | ||
| 504 | |a Περιέχει βιβλιογραφικές αναφορές. | ||
| 650 | 0 | 0 | |a Quantum theory. |
| 852 | |a INST |b SAMOS |e 20020905 |h 530.12 ΕΥΑ |p 005300019946 |q 005300019946 |t BK |y 0 | ||
| 901 | |a BIBL3-2002-2 | ||
| 909 | |a Σ |b 087610 | ||
| 970 | |a ΚΟΣΙΕΡΗΣ |b ΧΡΗΣΤΟΣ |z 2002/09/05 | ||